| 000 | 00786nam a2200253 i 4500 | ||
|---|---|---|---|
| 001 | 9198 | ||
| 003 | ES-MaACL | ||
| 005 | 20250112063036.0 | ||
| 008 | 930524s1993 sp ||||1| spa d | ||
| 020 | _a84-350-0838-X | ||
| 080 | _a82.0(73)-83"19" | ||
| 080 | _a82.0(73)(Brodsky,J.7 M.03=6) | ||
| 100 | 1 |
_aBrodsky, Joseph. _931861 |
|
| 245 | 1 | 0 |
_aMarca de agua _b: apuntes venecianos / _cJoseph Brodsky ; traducción de Horacio Vázquez Rial. |
| 250 | _a1ª ed. | ||
| 260 |
_aBarcelona : _bEdhasa, _c1993. |
||
| 300 |
_a106 p. ; _c20 cm. |
||
| 490 | 1 |
_aNarrativas contemporáneas ; _v138 |
|
| 700 | 1 |
_aVázquez Rial, Horacio. _9113477 |
|
| 830 | 1 |
_aNarrativas contemporáneas ; _v138 _9181387 |
|
| 852 |
_aES-MaACL _jL-16742 |
||
| 942 | _2udc | ||
| 999 |
_c9198 _d9198 |
||